000 00760nam a2200229 u 4500
001 000023657
005 20200930022357.0
008 101216s2001 sp r 000 j spa d
040 _aDO-SdBNP
_bspa
_cBNPHU
041 _aeng
_hspa
_2Código de idioma MARC
082 _axxx
_bT649s
100 1 _aTolkien, J.R.R.
_948739
240 1 0 _aThe Lord of the Rings
_lespañol
245 1 3 _aEl Señor de los Anillos /
_cJ.R.R. Tolkien ; traducción de Matilde Horne y Luis Doménech.
260 _aBarcelona :
_bMinotauro,
_c2001.
300 _a3 v. ;
_c18 cm.
500 _aLa biblioteca posee el volumen 3
534 _aTítulo original :
_tThe Lord of the Rings
700 1 _aHorne, Matilde
_etr.
_948740
700 1 _aDoménech, Luis
_etr.
_948741
049 _aBNGR
999 _c23153
_d23153